000
002530000a22000970004500
100
1
_a
Ramírez, Eduardo M.
245
1
0
_a
Liturgia : Evaluar es creer
300
_a
Vol. 3, Num 2 ( Junio de 1984), Páginas 79-81
773
0
_t
Iglesia y Misión
942
_c
ANA
999
_c
51480
_d
51480